000 02164 a2200349 4500
001 OB-pur-54165
003 FrMaCLE
005 20251214082557.0
007 cu ||||||m||||
008 190428e||||||||xx |||||s|||||||||0|fr|d
020 _a978-2-7535-5702-4
024 7 _a10.4000/books.pur.54165
_2doi
040 _aFR-FrMaCLE
041 _afra
100 1 _aFix, Florence
245 1 2 _aL'argent et le rire :
_bDe Balzac à Mirbeau /
_cFlorence Fix, Marie-Ange Fougère.
260 _aRennes :
_bPresses universitaires de Rennes,
_c2019.
300 _a228 p.
500 _aEbook
520 _a Une modification culturelle du rapport à l'argent accompagne la Révolution industrielle : les fortunes nouvellement brassées à la Bourse, les disparités de salaires, de rentes et de placements fondent un imaginaire de la dévoration par l'argent dont la littérature se fait l'écho par les nombreux romans de la réussite et de la déchéance financière (Balzac, Maupassant, Zola). Mais plus avant, c'est la notion même de valeur qui est en jeu et qui engage des modes d'échange et de relations humaines, des rapports de force, de transmission et de pouvoir que la littérature exploite et pense (Hugo, Dumas, Huysmans, Mirbeau). Ce volume interroge la dimension comique de l'argent, la façon dont le grotesque, l'ironie, la dérision l'investissent pour dire ce bouleversement majeur dans la société française moderne. Ceux qui profitent de l'argent – les parvenus, les cocottes, les truands – tout comme ceux qui s'en défient ou le raillent – les esthètes, les collectionneurs – pratiquent l'inflation verbale, l'emphase rieuse pour montrer le spectacle d'un emballement économique qui est alors une nouveauté en Europe.
540 _aOpenEdition Books License
_uhttps://www.openedition.org/12554
650 4 _aLiterary Theory & Criticism
650 4 _aargent
650 4 _arire
650 4 _acomique
650 4 _aroman
650 4 _aréalisme
700 1 _aFougère, Marie-Ange
760 0 _x2111-5001
776 _z978-2-7535-1741-7
856 4 _eFix, Florence
_uhttps://books.openedition.org/pur/54165
_yL'argent et le rire
999 _c2905
_d2905